Do it learn it live it: sessions with youth: a book for teachers and youth workers (Record no. 215883)
[ view plain ]
| 000 -LEADER | |
|---|---|
| fixed length control field | 00600nam a2200169Ia 4500 |
| 008 - FIXED-LENGTH DATA ELEMENTS--GENERAL INFORMATION | |
| fixed length control field | 210719s2010 xx 000 0 und d |
| 020 ## - INTERNATIONAL STANDARD BOOK NUMBER | |
| International Standard Book Number | 81-7086-581-6 |
| 041 ## - LANGUAGE CODE | |
| Language code of text/sound track or separate title | eng |
| 082 ## - DEWEY DECIMAL CLASSIFICATION NUMBER | |
| Classification number | 362.7042 KOID |
| 100 ## - MAIN ENTRY--PERSONAL NAME | |
| Personal name | KOIKARA (Felix);MANNATH (Joe) |
| 245 ## - TITLE STATEMENT | |
| Title | Do it learn it live it: sessions with youth: a book for teachers and youth workers |
| 260 ## - PUBLICATION, DISTRIBUTION, ETC. | |
| Place of publication, distribution, etc. | Bangalore |
| Name of publisher, distributor, etc. | Asian Trading Corporation |
| Date of publication, distribution, etc. | 2010 |
| 300 ## - PHYSICAL DESCRIPTION | |
| Extent | 156 |
| Other physical details | PB |
| 650 ## - SUBJECT ADDED ENTRY--TOPICAL TERM | |
| Topical term or geographic name entry element | Value Education |
| 650 ## - SUBJECT ADDED ENTRY--TOPICAL TERM | |
| Topical term or geographic name entry element | Value Education |
| 906 ## - LOCAL DATA ELEMENT F, LDF (RLIN) | |
| a | a ; book ; Do ; for ; it ; it: ; learn ; live ; sessions ; teachers ; with ; workers ; youth ; youth: |
| Withdrawn status | Lost status | Damaged status | Not for loan | Collection code | Home library | Current library | Date acquired | Source of acquisition | Total Checkouts | Full call number | Barcode | Date last seen | Price effective from | Koha item type |
|---|---|---|---|---|---|---|---|---|---|---|---|---|---|---|
| St Aloysius Library | St Aloysius Library | 03/15/2019 | General Annual | 362.7042 KOID | D04518 | 07/19/2021 | 07/19/2021 | Donated Books |